LEADER 01102nam a2200277 i 4500 001 000000142491 003 CaOOAMICUS 005 20050906000000.0 008 050906s1974 it u000 u ita u 013 $a117847 040 $aSeMil$bita 100 1 $aGrimault, Marguerite.$0(OLS)http://semarc/name/29819 240 10$aKierkegaard par lui-même.$0(OLS)http://semarc/title/208420 245 10$aKierkegaard /$cMarguerite Grimault ; Traduzione di Clementina Smet. 260 $aTorino :$bSEI,$c1974. 300 $a115 p. ;$c24 cm. 490 0 $aUomini e tempi 500 $aContiene : Cronologia ; Bibliografia. 600 14$aKierkegaard, Søren <1813-1855>.$0(OLS)http://semarc/subject/1182 700 1 $aSmet, Clementina.$0(OLS)http://semarc/name/57194 830 0$aUomini e tempi.$0(OLS)http://semarc/title/8348 850 $aSeMil 852 $aSeMil$W1$xVenegono$y1$m54 151 1 *$j95665$B95665$CSeMilBibl$Z2$F103046 $81 961 $aLascito: Corradi mons. Enrico 996 $6245$aKierkegaard$9(OLS)http://semarc/title/71633 996 $6260$aTorino :$bSEI$9(OLS)http://semarc/publisher/29848 LEADER 00582nas a2200169 i 4500 001 000000013944 003 CaOOAMICUS 005 20190418104049.0 008 180830n1949 it zx lf u0 z|ita u 040 $aSeMil$bita 245 10$aCultura. 264 1$aRoma :$bStudium,$c1949- 300 $av. ;$c24 cm. 774 0 $aFabro, Cornelio $tIntroduzione all'ateismo moderno.$b2. ed. rived. a aumentata.$dRoma : Studium, 1969.$w()7112 996 $6245$aCultura$9(OLS)http://semarc/title/6873 996 $6264$aRoma :$bStudium$9(OLS)http://semarc/publisher/29617